Statistics for Biggest U.S. Cities Starting With P - With a Map

Click here to take the quiz!

General Stats

  • This quiz has been taken 75 times
  • The average score is 12 of 21

Answers on the Map

Answers color-coded by a green-red scale on the quiz's map according to % correct below.
 

Answer Stats

PopulationCity% Correct
1,603,799Philadelphia
99%
652,518Portland
99%
1,608,190Phoenix
97%
302,958Pittsburgh
91%
190,932Providence
86%
115,173Provo
74%
151,897Pasadena
71%
138,719Pasadena
71%
113,176Peoria
67%
190,966Peoria
67%
204,856Port Saint Lucie
61%
285,469Plano
59%
111,874Pueblo
52%
159,759Paterson
43%
169,415Palmdale
38%
191,238Paradise
35%
171,182Pembroke Pines
28%
151,445Pomona
28%
112,056Pompano Beach
28%
125,815Pearland
26%
119,752Palm Bay
25%

Score Distribution

Percentile by Number Answered

Percent of People with Each Score

Your Score History

You have not taken this quiz